000 00387nam a2200133Ia 4500
008 100328s9999 xx 000 0 und d
082 _b17474
100 _aपंडित प्रकाश
245 _a1966 की शायरी
260 _bशिक्षा भारती
630 _a1966 की शायरी
730 _a1966 की शायरी
942 _cBOOK
999 _c512045
_d512042